| 000 | 01157nac a2200289 a 4500 | ||
|---|---|---|---|
| 003 | Co-PeBPM | ||
| 005 | 20240305183824.0 | ||
| 007 | ta | ||
| 008 | 240305e2020 |||a|||| |||| 00| 0 spa | ||
| 020 | _a9789585137059 | ||
| 040 |
_aCo-PeBPM _bspa _cCo-PeBPM _erda |
||
| 082 | 0 | 4 |
_a923.1 OR68j _222 |
| 110 | 1 | _aOrganización Internacional para las Migraciones | |
| 245 | 1 | 0 |
_aJuan José Nieto Gil _by el poder de las letras _c/ Organización Internacional para las Migraciones ; Ana Durán Salvatierra jefe de misión; Gerard Gómez Jefe de misión adjunto; Alessia Schiavon Directora de programas |
| 250 | _aPrimera edición | ||
| 260 |
_aBogotá, Colombia _b: Ministerio de Cultura _c; 2020 |
||
| 300 |
_a23 páginas _bIlustraciones a color _c20 centímetros |
||
| 500 | _aColección de cuentos cortos, Historias de identidad y orgullo | ||
| 650 | _aNieto Gil, Juan José, 1805-1866--Biografías | ||
| 650 | _aAfrocolombianos--Biografías | ||
| 650 | _aNegros--Identidad racial--Colombia | ||
| 700 | 1 | _aDurán Salvatierra, Ana | |
| 700 | 1 | _aGómez, Gerard | |
| 700 | 1 | _aSchiavon, Alessia | |
| 710 | _aMinisterio de Cultura | ||
| 942 |
_2ddc _cBK _n0 |
||
| 999 |
_c26583 _d26583 |
||